Fast Car - Tracy Chapman - Statistics

General Stats
  • This quiz has been taken 4 times
  • The average score is 228 of 396
Answer Stats
Hint Answer % Correct
a
100%
and
100%
And
100%
away
100%
away ?
100%
be
100%
can
100%
car
100%
could
100%
drive
100%
fast
100%
go
100%
got
100%
He
100%
he
100%
here
100%
I
100%
in
100%
like
100%
Me
100%
our
100%
so
100%
Chorus So
100%
that
100%
this
100%
was
100%
we
100%
We
100%
were
100%
Outro | Pre-Chorus | Verse You
100%
you
100%
your
100%
all
67%
at
67%
city
67%
City
67%
did
67%
do
67%
drivin'
67%
far
67%
for
67%
get
67%
had
67%
have
67%
his
67%
His
67%
I'd
67%
is
67%
Is
67%
it
67%
Leave
67%
more
67%
my
67%
no
67%
of
67%
out
67%
see
67%
See
67%
She
67%
somewhere
67%
Speed
67%
the
67%
to
67%
too
67%
way
67%
when
67%
with
67%
always
33%
Any
33%
anywhere
33%
as
33%
been
33%
before
33%
belonged
33%
better
33%
buy
33%
care
33%
deal
33%
decision
33%
die
33%
drunk
33%
feeling
33%
felt
33%
find
33%
fly
33%
from
33%
give
33%
going
33%
gotta
33%
him
33%
i'll
33%
job
33%
just
33%
keep
33%
know
33%
left
33%
life
33%
live
33%
look
33%
make
33%
mama
33%
Maybe
33%
maybe
33%
move
33%
myself
33%
nice
33%
off
33%
old
33%
on
33%
or
33%
outta
33%
remember
33%
said
33%
someone
33%
stay
33%
still
33%
take
33%
that's
33%
ticket
33%
us
33%
want
33%
went
33%
what
33%
will
33%
won't
33%
You'll
33%
young
33%
across
0%
ain't
0%
arm
0%
bar
0%
bigger
0%
bills
0%
bit
0%
body's
0%
border
0%
both
0%
bottle
0%
checkout
0%
Chorus CHORUS
0%
convenience
0%
cruisin'
0%
drinkin
0%
enough
0%
entertain
0%
Finally
0%
friends
0%
girl
0%
hoped
0%
house
0%
into
0%
jobs
0%
kids
0%
late
0%
lay
0%
leaving
0%
lights
0%
little
0%
lives
0%
lose
0%
Managed
0%
man's
0%
market
0%
means
0%
me'd
0%
money
0%
nothing
0%
nowhere
0%
ourselves
0%
pays
0%
place
0%
plan
0%
plans
0%
problem
0%
promoted
0%
prove
0%
quit
0%
'round
0%
save
0%
says
0%
school
0%
shelter
0%
shoulder
0%
Somebody's
0%
something
0%
Starting
0%
store
0%
suburbs
0%
than
0%
things
0%
Thought
0%
together
0%
tonight
0%
wanted
0%
we'll
0%
work
0%
working
0%
wrapped
0%
zero
0%
No matching quizzes found
Score Distribution
Percent of People with Each Score
Percentile by Number Answered
Your Score History
You have not taken this quiz